Bordering Russia on a Map Quiz Stats

 Plays Quiz Updated Oct 27, 2015

Also try: World Border Quest
Challenge
Share
Tweet
Score 0/14 Timer 03:00
2 Plays Today
% Correct
Finland
93.3%
Norway
93.2%
China
92.9%
Mongolia
91%
Latvia
90.9%
Estonia
90.8%
Ukraine
90.5%
% Correct
North Korea
89.7%
Poland
89.4%
Lithuania
89.4%
Belarus
87.6%
Kazakhstan
86.7%
Georgia
82%
Azerbaijan
76.3%

You're not logged in!

Compare scores with friends on all Sporcle quizzes.
Join for Free
OR
Log In

You Might Also Like...

Show Comments

Extras

Top Quizzes Today


Score Distribution

Your Account Isn't Verified!

In order to create a playlist on Sporcle, you need to verify the email address you used during registration. Go to your Sporcle Settings to finish the process.

Report this User

Report this user for behavior that violates our Community Guidelines.

Details: